000 00295nam a2200109Ia 4500
008 171211s9999 xx 000 0 und d
245 _a3D Rendering in Computer Graphics
245 _cPatria Dobbins
260 _c2012
650 _xDesign
856 _uhttp://down.ebook777.com/060/813234264X.pdf
999 _c347945
_d347945